The intersections collection : (Record no. 5880)

000 -LEADER
fixed length control field 00757nam a2200241 4500
003 - CONTROL NUMBER IDENTIFIER
control field OSt
005 - DATE AND TIME OF LATEST TRANSACTION
control field 20220630084903.0
008 - FIXED-LENGTH DATA ELEMENTS--GENERAL INFORMATION
fixed length control field 220630b ||||| |||| 00| 0 eng d
020 ## - INTERNATIONAL STANDARD BOOK NUMBER
International Standard Book Number 126923840X
020 ## - INTERNATIONAL STANDARD BOOK NUMBER
International Standard Book Number 9781269238403
040 ## - CATALOGING SOURCE
Transcribing agency ALUPE UNIVERSITY
050 ## - LIBRARY OF CONGRESS CALL NUMBER
Classification number HM586
Item number .P43 2014
245 ## - TITLE STATEMENT
Title The intersections collection :
Remainder of title Pearson custom sociology.
Statement of responsibility, etc. Edited by Kathleen A. Tiemann, Ralph B.Mcneal, Betsy Lucal and Morten G. Ender
260 ## - PUBLICATION, DISTRIBUTION, ETC.
Place of publication, distribution, etc. Boston, MA :
Name of publisher, distributor, etc. Pearson Custom Publishing,
Date of publication, distribution, etc. c2014.
300 ## - PHYSICAL DESCRIPTION
Extent 371p.
Other physical details ill.;
Dimensions 22cm.
650 ## - SUBJECT ADDED ENTRY--TOPICAL TERM
Topical term or geographic name entry element Sociology. .
650 ## - SUBJECT ADDED ENTRY--TOPICAL TERM
Topical term or geographic name entry element Sociologie.
700 ## - ADDED ENTRY--PERSONAL NAME
Personal name Tiemann, Kathleen A.
700 ## - ADDED ENTRY--PERSONAL NAME
Personal name Mcneal, Ralph B.
700 ## - ADDED ENTRY--PERSONAL NAME
Personal name Lucal, Betsy
700 ## - ADDED ENTRY--PERSONAL NAME
Personal name Ender, Morten G.
942 ## - ADDED ENTRY ELEMENTS (KOHA)
Source of classification or shelving scheme
Koha item type Book
Suppress in OPAC AB
Holdings
Withdrawn status Lost status Source of classification or shelving scheme Damaged status Not for loan Permanent Location Current Location Shelving location Date acquired Source of acquisition Total Checkouts Full call number Barcode Date last seen Price effective from Koha item type Public note
          AU LIBRARY AU LIBRARY Open Shelf 30.06.2022 DONATION FROM MOI UNIVERSITY   HM586 .P43 2014 28008181 30.06.2022 30.06.2022 Book AB

Powered by Koha